000 00780nas a2200241 4500
001 BR7805865
003 BR-BrBNA
005 20231205083519.0
007 ta
008 230509b bl.|||p| |||| 00| 00por d
040 _aBR-BrBNA
_bpor
_cBiblioteca Nacional de Agricultura
041 _a(Pt)
072 _aK10; K50
100 1 _aAnon.
245 1 _aSistemas automaticos de serracao para a convercao eficiente de toros e um menor desperdicio. Melhores modelos de serra de fita e serra de armacao
650 _aINDUSTRIA FLORESTAL
650 _aMADEIRA SERRADA
650 _aSERRA
650 _aCORTE
773 0 _tRevista da Madeira (Brazil)
_xISSN 0034-7582
_g(Mar 1978), v. 27(315) p. 29-33
_wBR7805865
909 _a202311
_bLúcia
_c55
_dLúcia Elande
942 _2AGRIS
_n0
_cANA
999 _c99309
_d99309